The John Wesley treasury. (Record no. 13986)

000 -LEADER
fixed length control field 00741nam a2200217 a 4500
001 - CONTROL NUMBER
control field :::00011810$&:&@@
003 - CONTROL NUMBER IDENTIFIER
control field OkBaRHE
005 - DATE AND TIME OF LATEST TRANSACTION
control field 20000607103413.0
008 - FIXED-LENGTH DATA ELEMENTS--GENERAL INFORMATION
fixed length control field s1979 j 000 0 eng u
040 ## - CATALOGING SOURCE
Transcribing agency
100 1# - MAIN ENTRY--PERSONAL NAME
Personal name Wesley, John, 1703-1791.
245 14 - TITLE STATEMENT
Title The John Wesley treasury.
Statement of responsibility, etc Erwin Paul Rudolph, Editor.
260 ## - PUBLICATION, DISTRIBUTION, ETC. (IMPRINT)
Place of publication, distribution, etc Wheaton, IL., :
Name of publisher, distributor, etc Victor Books
Date of publication, distribution, etc c1979
300 ## - PHYSICAL DESCRIPTION
Extent 96 p. ;
Dimensions 18 cm.
490 0# - SERIES STATEMENT
Series statement Great Christian classics series.
650 ## - SUBJECT ADDED ENTRY--TOPICAL TERM
Topical term or geographic name as entry element Methodist Church
General subdivision Collected Works
650 ## - SUBJECT ADDED ENTRY--TOPICAL TERM
Topical term or geographic name as entry element Theology
General subdivision Collected Works
-- 18th Century
700 ## - ADDED ENTRY--PERSONAL NAME
Personal name Rudolph, Erwin Paul, 1916- , Ed.
942 ## - ADDED ENTRY ELEMENTS (KOHA)
Source of classification or shelving scheme
Koha item type Books
Copies
Permanent Location Date last seen Full call number Copy number Damaged status Source of classification or shelving scheme Withdrawn status Date acquired Shelving location Not for loan Lost status Barcode Koha item type Price effective from
RHEMA Bible Training College2010-04-14BX 8217 .W54R821   2010-04-14General Stacks  11810Books2010-04-14